000 00485nam a2200169Ia 4500
005 20250508160012.0
008 008 250505s9999 xx 000 0 eng d
020 _a0-7914-1374-8
037 _aBooks to be hide in OPAC
040 _aFEDL
_beng
_cFEDL
041 _aeng
_2eng
084 _a379.5479, BOM
_qFEDL
245 0 _aQuinquennial report on public instruction in Bombay 1932-37
300 _a313p.
942 _cHB
_h379.5479, BOM
999 _c1360887
_d1360887